000 00537nam a2200193Ia 4500
999 _c8826
_d8826
003 OSt
005 20201006125111.0
008 190216s9999||||xx |||||||||||||| ||und||
020 _a9788176567527
040 _coclc
082 _a004
_bSIN/C
100 _aSinha, Pradeep K
_95357
245 0 _aComputer Fundamentals /
_cPradeep K Sinha ; Priti Sinha
250 _a3rd Ed.
260 _bBpb Publications,
_aNew Delhi:
_c2003.
300 _a404p
650 _aComputer
942 _cBK
_2ddc
_h004
_iSIN/C
_k004
_mSIN/C